000
00265nam a2200109Ia 4500
008
190216s9999||||xx |||||||||||||| ||und||
100
_a
Sheldon H P Etc
245
0
_a
Practice And Law Of Banking
260
_b
Vikas Publishing House
650
_a
Commerce
942
_c
BK
999
_c
3932
_d
3932